000
00230nam a2200109 4500
082
_a
ILM
100
_a
Ilmi Kitab Khana
245
_a
Solid Geometry
260
_a
Lahore:
_b
Ilmi Kitab Khana,
_c
1966.
300
_a
384p. ;
942
_c
BK
999
_c
9738
_d
9738